[Event "Belgrade GMA op"]
[Site "Belgrade"]
[Date "1988.??.??"]
[Round "?"]
[White "Velimirovic, Dragoljub"]
[Black "Barlov, Dragan"]
[Result "1-0"]
[WhiteElo "2540"]
[BlackElo "2485"]
[PlyCount "128"]
[EventDate "1988.12.??"]
[EventType "swiss"]
[EventRounds "9"]
[EventCountry "YUG"]
[Source "ChessBase"]
[SourceDate "1989.06.01"]
[WhiteTeamCountry "USA"]
[BlackTeamCountry "YUG"]

1. e4 c5 2. Nf3 a6 3. c3 d5 4. exd5 Qxd5 5. d4 Nf6 6. Be2 cxd4 7. cxd4 e6 8.
O-O Nc6 9. Nc3 Qd8 10. Bd3 Be7 11. Bg5 Nd5 12. Nxd5 Qxd5 13. Bxe7 Nxe7 14. Re1
f6 15. Qc2 Qh5 16. Re4 Qf7 17. Rae1 O-O 18. Bc4 Nd5 19. Bxd5 exd5 20. Re7 Qh5
21. Qc7 Qg6 22. R1e3 Bg4 23. Nh4 Qg5 24. h3 Rac8 25. Qg3 Rc1+ 26. Kh2 Bc8 27.
Qxg5 fxg5 28. Nf3 h6 29. Kg3 Rc2 30. Re2 Rxe2 31. Rxe2 Bf5 32. Re5 Be4 33. Nd2
Rc8 34. Nxe4 dxe4 35. f3 exf3 36. Kxf3 Kf7 37. Re2 Rd8 38. Ke4 Ke6 39. Rf2 g6
40. Rf3 b6 41. a4 Re8 42. g4 h5 43. d5+ Kd7+ 44. Kd4 Re2 45. b3 hxg4 46. hxg4
Rg2 47. Rf7+ Ke8 48. Rb7 Rxg4+ 49. Ke5 Rb4 50. Ke6 Re4+ 51. Kd6 g4 52. Rg7 Kf8
53. Rxg6 Kf7 54. Rg5 Kf6 55. Rg8 Kf7 56. Rc8 Re8 57. Rxe8 Kxe8 58. Kc7 g3 59.
d6 g2 60. d7+ Kf7 61. d8=Q g1=Q 62. Qd5+ Kg7 63. b4 Qe3 64. b5 a5 1-0

[Event "Belgrade GMA op"]
[Site "Belgrade"]
[Date "1988.??.??"]
[Round "?"]
[White "Velimirovic, Dragoljub"]
[Black "Khasin, Alexander"]
[Result "1-0"]
[WhiteElo "2540"]
[BlackElo "2425"]
[PlyCount "85"]
[EventDate "1988.12.??"]
[EventType "swiss"]
[EventRounds "9"]
[EventCountry "YUG"]
[Source "ChessBase"]
[SourceDate "1989.06.01"]
[WhiteTeamCountry "USA"]
[BlackTeamCountry "YUG"]

1. e4 c5 2. Nf3 Nc6 3. d4 cxd4 4. Nxd4 Nf6 5. Nc3 d6 6. Bc4 Qb6 7. Nde2 e6 8.
O-O Be7 9. Bg5 Qc5 10. Bxf6 Bxf6 11. Bb3 O-O 12. Kh1 b5 13. f4 Na5 14. Ng3 Bb7
15. Qg4 Nxb3 16. cxb3 Bxc3 17. bxc3 f5 18. Qe2 a6 19. Rad1 Rae8 20. Rd3 Qc6 21.
Rfd1 fxe4 22. Rxd6 Qxc3 23. Nxe4 Qb4 24. R6d4 Qa5 25. Nd6 Re7 26. Nxb7 Rxb7 27.
Qxe6+ Kh8 28. b4 Qb6 29. Qxb6 Rxb6 30. g3 h6 31. Kg2 Kh7 32. Kf3 a5 33. a3 Rc8
34. R1d3 axb4 35. axb4 Rc2 36. h4 Rb2 37. Rc3 Rb7 38. h5 Kg8 39. Kg4 Kf7 40.
Kf5 Rh2 41. g4 Rb2 42. Rc8 Rb1 43. Rcd8 1-0

[Event "Belgrade GMA op"]
[Site "Belgrade"]
[Date "1988.??.??"]
[Round "?"]
[White "Velimirovic, Dragoljub"]
[Black "Moskalenko, Viktor"]
[Result "1/2-1/2"]
[WhiteElo "2540"]
[BlackElo "2475"]
[Annotator "Moskalenko"]
[PlyCount "63"]
[EventDate "1988.12.??"]
[EventType "swiss"]
[EventRounds "9"]
[EventCountry "YUG"]
[Source "ChessBase"]
[SourceDate "1994.03.01"]
[WhiteTeamCountry "USA"]
[BlackTeamCountry "YUG"]

1. e4 e6 2. d4 d5 3. Nc3 Nf6 4. e5 Nfd7 5. Nce2 $5 c5 6. c3 Nc6 7. Nf3 cxd4 8.
cxd4 f6 9. Nf4 Bb4+ 10. Bd2 Qe7 11. Bxb4 Qxb4+ 12. Qd2 Qe7 $1 {N} (12... Qxd2+)
13. exf6 (13. Bb5 fxe5 14. dxe5 O-O 15. Bxc6 bxc6 16. O-O Ba6 (16... c5 $2 17.
Nxd5 $1) 17. Rfd1 Rab8) 13... Nxf6 14. Bd3 Ne4 $1 15. Qe3 (15. Bxe4 dxe4 16.
Ne5 Nxe5 17. dxe5 Bd7 18. O-O Bc6 19. Rfd1 O-O 20. g3 Rf5 $17) 15... Qb4+ 16.
Kf1 O-O 17. Re1 $6 (17. Bxe4) 17... Qxb2 (17... Qd6 $1 18. Ne2 (18. g3 $2 g5 $1
19. Ne2 Rxf3 $19) 18... e5 $17) 18. Bxe4 dxe4 19. Qxe4 Qxa2 20. g4 $3 {
20...e5 21.Ng5!} Nb4 {21...Qc2, 21...Nd5-f6} 21. Re2 Qa5 22. h4 Nd5 23. Ng5 Nf6
24. Qd3 (24. Qb1 Bd7 25. Nh5 g6 26. Nxf6+ Rxf6 27. Qxb7 Qd5 $1 $17) 24... b6 {
Ba6} 25. Nh5 g6 26. Nxh7 $3 Kxh7 (26... Nxh5 $2 27. Qxg6+ Ng7 28. Ng5 $18) 27.
Nf4 Ba6 (27... Rg8 28. h5 $18) 28. Qxg6+ Kh8 29. Qh6+ Nh7 30. Ng6+ Kg8 31. Ne7+
Kh8 (31... Kf7 32. Qg6+ $1 (32. Qxh7+ Ke8 33. Qg6+ Rf7 $19) 32... Kxe7 33.
Qxe6+ Kd8 34. Qd6+ $1 Kc8 35. Qc6+) 32. Ng6+ 1/2-1/2

[Event "Belgrade GMA op"]
[Site "Belgrade"]
[Date "1988.??.??"]
[Round "?"]
[White "Velimirovic, Dragoljub"]
[Black "Plachetka, Jan"]
[Result "1/2-1/2"]
[WhiteElo "2540"]
[BlackElo "2400"]
[PlyCount "83"]
[EventDate "1988.12.??"]
[EventType "swiss"]
[EventRounds "9"]
[EventCountry "YUG"]
[Source "ChessBase"]
[SourceDate "1989.06.01"]
[WhiteTeamCountry "USA"]
[BlackTeamCountry "YUG"]

1. e4 c5 2. Nf3 e6 3. d4 cxd4 4. Nxd4 a6 5. Nc3 Nc6 6. Be2 Qc7 7. O-O Nf6 8.
Kh1 Nxd4 9. Qxd4 Bc5 10. Qd3 O-O 11. Bg5 b5 12. f4 Bb7 13. Bf3 d6 14. e5 dxe5
15. Bxf6 gxf6 16. Bxb7 Qxb7 17. Ne4 Be7 18. fxe5 f5 19. Nd6 Bxd6 20. exd6 Qe4
21. Qd2 Qe5 22. c3 Rfd8 23. d7 Kf8 24. Rf3 Ra7 25. Rd3 Ke7 26. Rd1 Rc7 27. Rd4
Rc4 28. Rxc4 bxc4 29. h3 f4 30. Re1 Qd6 31. Qe2 Qc7 32. Qh5 Rxd7 33. Qh4+ Ke8
34. Qxh7 f3 35. Qg8+ Ke7 36. Qg5+ Ke8 37. Qg8+ Ke7 38. Qg5+ Ke8 39. gxf3 Rd3
40. Qg8+ Ke7 41. Qg5+ Ke8 42. Qg8+ 1/2-1/2

[Event "Belgrade GMA op"]
[Site "Belgrade"]
[Date "1988.??.??"]
[Round "?"]
[White "Velimirovic, Dragoljub"]
[Black "Vukovic, Zdravko"]
[Result "1-0"]
[WhiteElo "2540"]
[BlackElo "2415"]
[PlyCount "29"]
[EventDate "1988.12.??"]
[EventType "swiss"]
[EventRounds "9"]
[EventCountry "YUG"]
[Source "ChessBase"]
[SourceDate "1989.06.01"]
[WhiteTeamCountry "USA"]
[BlackTeamCountry "YUG"]

1. e4 c5 2. Nf3 Nc6 3. d4 cxd4 4. Nxd4 Nf6 5. Nc3 d6 6. Bc4 Qb6 7. Ndb5 a6 8.
Be3 Qd8 9. Nd4 Ng4 10. O-O Nce5 11. Bb3 Nxe3 12. fxe3 g6 13. Nf3 Nxf3+ 14. Qxf3
Be6 15. Ba4+ 1-0

[Event "Belgrade GMA op"]
[Site "Belgrade"]
[Date "1988.??.??"]
[Round "?"]
[White "Zelic, Zdravko"]
[Black "Velimirovic, Dragoljub"]
[Result "1/2-1/2"]
[WhiteElo "2410"]
[BlackElo "2540"]
[PlyCount "57"]
[EventDate "1988.12.??"]
[EventType "swiss"]
[EventRounds "9"]
[EventCountry "YUG"]
[Source "ChessBase"]
[SourceDate "1994.03.01"]
[WhiteTeamCountry "USA"]
[BlackTeamCountry "YUG"]

1. e4 c5 2. Nf3 Nc6 3. d4 cxd4 4. Nxd4 g6 5. c4 Bg7 6. Be3 Nf6 7. Nc3 d6 8. Be2
Bd7 9. O-O O-O 10. Rc1 Nxd4 11. Bxd4 Bc6 12. f3 a5 13. b3 Bh6 14. Rb1 Nd7 15.
a3 Nc5 16. b4 axb4 17. axb4 Ne6 18. Bf2 Ra3 19. Rb3 Ba4 20. Nxa4 Rxa4 21. c5
Ra2 22. Bc4 Rd2 23. Qb1 Qc8 24. Rd3 Rxd3 25. Qxd3 dxc5 26. Bxe6 fxe6 27. bxc5
Rd8 28. Qb3 Bg7 29. Rd1 1/2-1/2

[Event "Yugoslavia"]
[Site "Yugoslavia"]
[Date "1989.??.??"]
[Round "?"]
[White "Cvetkovic, Srdjan"]
[Black "Velimirovic, Dragoljub"]
[Result "1-0"]
[WhiteElo "2460"]
[BlackElo "2530"]
[PlyCount "81"]
[EventDate "1989.??.??"]
[EventType "game"]
[EventCountry "YUG"]
[Source "ChessBase"]
[SourceDate "2009.11.30"]
[WhiteTeamCountry "USA"]
[BlackTeamCountry "YUG"]

1. c4 Nf6 2. Nc3 g6 3. e4 d6 4. d4 Bg7 5. Nf3 O-O 6. h3 c5 7. d5 e6 8. Bd3 exd5
9. exd5 Re8+ 10. Be3 b5 11. Nxb5 Ne4 12. O-O a6 13. Nc3 Nxc3 14. bxc3 Bxc3 15.
Rc1 Bg7 16. Bg5 Bf6 17. Bf4 Qc7 18. Rb1 Nd7 19. Qa4 Re7 20. Qc6 Qxc6 21. dxc6
Ne5 22. Nxe5 dxe5 23. Be3 Bf5 24. Bxf5 gxf5 25. Rfd1 Rc7 26. Rd6 Kg7 27. Rb7
Rac8 28. Rxc7 Rxc7 29. Bxc5 Be7 30. Rd7 Rxd7 31. cxd7 Bd8 32. Ba3 Kf6 33. c5
Ke6 34. c6 f4 35. Kf1 e4 36. Ke2 f5 37. Bc5 h5 38. h4 Bc7 39. Bf8 Bd8 40. Bh6
Bxh4 41. Bxf4 1-0

[Event "Zenica"]
[Site "Zenica"]
[Date "1989.??.??"]
[Round "1"]
[White "Velimirovic, Dragoljub"]
[Black "Terzic, Safet"]
[Result "1-0"]
[WhiteElo "2530"]
[BlackElo "2360"]
[PlyCount "73"]
[EventDate "1989.04.??"]
[EventType "tourn"]
[EventRounds "11"]
[EventCountry "YUG"]
[EventCategory "10"]
[Source "ChessBase"]
[SourceDate "1996.11.15"]
[WhiteTeamCountry "USA"]
[BlackTeamCountry "YUG"]

1. e4 c5 2. Nf3 Nc6 3. d4 cxd4 4. Nxd4 Nf6 5. Nc3 d6 6. Bc4 Qb6 7. Nde2 Ne5 8.
Bb3 Bd7 9. O-O e6 10. a4 Be7 11. Kh1 O-O 12. f4 Neg4 13. Qe1 Rac8 14. Ng3 Ne8
15. Qe2 e5 16. Nf5 Bxf5 17. exf5 Ngf6 18. Be3 Qa5 19. g4 Rxc3 20. bxc3 Qxc3 21.
g5 Nh5 22. Rae1 exf4 23. Qxh5 fxe3 24. g6 Nf6 25. Qf3 d5 26. Rxe3 Qc5 27. Rfe1
Bd6 28. gxh7+ Kxh7 29. Qg2 Bf4 30. Rh3+ Bh6 31. Rg1 Rg8 32. Rh4 Qd6 33. Qg3 Qd7
34. Qe5 Re8 35. Rxh6+ Kxh6 36. Qf4+ Kh7 37. Qh4+ 1-0

[Event "Zenica"]
[Site "Zenica"]
[Date "1989.??.??"]
[Round "2"]
[White "Mikhalchishin, Adrian"]
[Black "Velimirovic, Dragoljub"]
[Result "1/2-1/2"]
[WhiteElo "2475"]
[BlackElo "2530"]
[PlyCount "26"]
[EventDate "1989.04.??"]
[EventType "tourn"]
[EventRounds "11"]
[EventCountry "YUG"]
[EventCategory "10"]
[Source "ChessBase"]
[SourceDate "1996.11.15"]
[WhiteTeamCountry "USA"]
[BlackTeamCountry "YUG"]

1. e4 c5 2. Nf3 Nc6 3. Bb5 g6 4. O-O Bg7 5. Re1 Nf6 6. c3 O-O 7. d4 cxd4 8.
cxd4 d5 9. e5 Ne8 10. h3 Nc7 11. Bxc6 bxc6 12. Nc3 Ne6 13. Be3 f6 1/2-1/2

[Event "Zenica"]
[Site "Zenica"]
[Date "1989.??.??"]
[Round "3"]
[White "Velimirovic, Dragoljub"]
[Black "Popovic, Petar"]
[Result "1/2-1/2"]
[WhiteElo "2530"]
[BlackElo "2535"]
[PlyCount "91"]
[EventDate "1989.04.??"]
[EventType "tourn"]
[EventRounds "11"]
[EventCountry "YUG"]
[EventCategory "10"]
[Source "ChessBase"]
[SourceDate "1996.11.15"]
[WhiteTeamCountry "USA"]
[BlackTeamCountry "YUG"]

1. e4 c5 2. Nf3 d6 3. d4 cxd4 4. Nxd4 Nf6 5. Nc3 Nc6 6. Bc4 Qb6 7. Nde2 e6 8.
Bb3 Be7 9. Bg5 Ng4 10. Bxe7 Qxf2+ 11. Kd2 Kxe7 12. Kc1 Qe3+ 13. Kb1 Nf2 14. Qg1
b5 15. a4 b4 16. Nd1 Qxe2 17. Nxf2 Ne5 18. Ka2 Bd7 19. Nd3 Nxd3 20. cxd3 Qh5
21. Qd4 Qe5 22. Qxb4 Rab8 23. Qc3 Qxc3 24. bxc3 Rhc8 25. Kb2 Rc7 26. Rhb1 a5
27. g3 e5 28. Kc2 Rcb7 29. Ra3 f5 30. exf5 Bxf5 31. c4 Bd7 32. Kc3 Rf8 33. Ra2
Rf3 34. Bc2 Rxb1 35. Bxb1 h5 36. Rb2 Bxa4 37. Ra2 Bd7 38. Rxa5 Bf5 39. Ra7+ Kf6
40. Ra6 Ke7 41. Ra7+ Ke6 42. Ra6 Kd7 43. Ra7+ Ke6 44. Ra6 Kd7 45. Ra7+ Ke6 46.
Ra6 1/2-1/2

[Event "Zenica"]
[Site "Zenica"]
[Date "1989.??.??"]
[Round "4"]
[White "Mascarinas, Rico"]
[Black "Velimirovic, Dragoljub"]
[Result "1/2-1/2"]
[WhiteElo "2465"]
[BlackElo "2530"]
[PlyCount "95"]
[EventDate "1989.04.??"]
[EventType "tourn"]
[EventRounds "11"]
[EventCountry "YUG"]
[EventCategory "10"]
[Source "ChessBase"]
[SourceDate "1996.11.15"]
[WhiteTeamCountry "USA"]
[BlackTeamCountry "YUG"]

1. d4 Nf6 2. Nf3 g6 3. Bg5 Bg7 4. Nbd2 d6 5. e4 O-O 6. Bd3 Nc6 7. c3 h6 8. Bh4
e5 9. dxe5 dxe5 10. Bb5 Qe8 11. Bxc6 Qxc6 12. Nxe5 Qb5 13. Bxf6 Bxf6 14. Nec4
Be6 15. a4 Qa6 16. Qe2 Rad8 17. e5 Rfe8 18. f4 Bf5 19. Ne4 Bh4+ 20. Kf1 f6 21.
g3 Qc6 22. Re1 fxe5 23. Nxe5 Bh3+ 24. Kf2 Rxe5 25. gxh4 Re6 26. Qb5 Rd2+ 27.
Kg3 Qxb5 28. axb5 Rd3+ 29. Kf2 b6 30. Rhg1 Rd5 31. Re3 Bf5 32. Ng3 Rd2+ 33. Ke1
Red6 34. Re2 R2d5 35. Re5 Kf7 36. Nxf5 gxf5 37. Rxd5 Rxd5 38. c4 Rd4 39. b3
Rxf4 40. h5 Rg4 41. Rf1 Kf6 42. Rf2 Ke5 43. Ra2 Kd4 44. Kf2 Rh4 45. Rxa7 Rxh5
46. Rxc7 Rxh2+ 47. Kg3 Rb2 48. Kf4 1/2-1/2

[Event "Zenica"]
[Site "Zenica"]
[Date "1989.??.??"]
[Round "5"]
[White "Velimirovic, Dragoljub"]
[Black "Dizdarevic, Emir"]
[Result "1/2-1/2"]
[WhiteElo "2530"]
[BlackElo "2510"]
[PlyCount "80"]
[EventDate "1989.04.??"]
[EventType "tourn"]
[EventRounds "11"]
[EventCountry "YUG"]
[EventCategory "10"]
[Source "ChessBase"]
[SourceDate "1996.11.15"]
[WhiteTeamCountry "USA"]
[BlackTeamCountry "YUG"]

1. e4 c5 2. Nf3 e6 3. d4 cxd4 4. Nxd4 a6 5. c4 Nf6 6. Nc3 Qc7 7. a3 Nc6 8. Be3
Ne5 9. Be2 Ng6 10. O-O Be7 11. f4 d6 12. f5 Ne5 13. Rc1 Bd7 14. Kh1 Rc8 15. Qb3
Nc6 16. fxe6 fxe6 17. Nxc6 bxc6 18. c5 Rb8 19. Qa2 O-O 20. Bf4 Kh8 21. Bxa6 Ng4
22. Bg3 e5 23. Rxf8+ Rxf8 24. Rf1 Bf6 25. cxd6 Qxd6 26. Rd1 Qe7 27. Qb1 Bg5 28.
Qd3 Be6 29. Qd6 Qf7 30. Be2 h5 31. h4 Be7 32. Qxc6 Bb3 33. Bxg4 hxg4 34. Rd7
Qf1+ 35. Kh2 Rf2 36. Bxf2 Qxf2 37. Qc8+ Kh7 38. Rxe7 Qxh4+ 39. Kg1 Qe1+ 40. Kh2
Qh4+ 1/2-1/2

[Event "Zenica"]
[Site "Zenica"]
[Date "1989.??.??"]
[Round "6"]
[White "Vukic, Milan"]
[Black "Velimirovic, Dragoljub"]
[Result "1/2-1/2"]
[WhiteElo "2495"]
[BlackElo "2530"]
[PlyCount "28"]
[EventDate "1989.04.??"]
[EventType "tourn"]
[EventRounds "11"]
[EventCountry "YUG"]
[EventCategory "10"]
[Source "ChessBase"]
[SourceDate "1996.11.15"]
[WhiteTeamCountry "USA"]
[BlackTeamCountry "YUG"]

1. Nf3 Nf6 2. c4 g6 3. d4 Bg7 4. g3 O-O 5. Bg2 d6 6. O-O c5 7. Nc3 Nc6 8. d5
Na5 9. Nd2 e5 10. e4 Ng4 11. h3 Nh6 12. b3 b6 13. Bb2 Nb7 14. Qc2 f5 1/2-1/2

[Event "Zenica"]
[Site "Zenica"]
[Date "1989.??.??"]
[Round "8"]
[White "Renet, Olivier"]
[Black "Velimirovic, Dragoljub"]
[Result "1-0"]
[WhiteElo "2480"]
[BlackElo "2530"]
[PlyCount "81"]
[EventDate "1989.04.??"]
[EventType "tourn"]
[EventRounds "11"]
[EventCountry "YUG"]
[EventCategory "10"]
[Source "ChessBase"]
[SourceDate "1996.11.15"]
[WhiteTeamCountry "USA"]
[BlackTeamCountry "YUG"]

1. e4 c5 2. Nf3 d6 3. d4 cxd4 4. Nxd4 Nf6 5. Nc3 g6 6. Be3 Bg7 7. f3 Nc6 8. Qd2
O-O 9. Bc4 Qa5 10. O-O-O Bd7 11. Bb3 Ne5 12. g4 Rfc8 13. h4 Nc4 14. Qd3 Nxe3
15. Qxe3 Qc5 16. Qd3 Qe5 17. Kb1 b5 18. Ncxb5 Rab8 19. Na3 a5 20. c3 a4 21. Bc4
Be8 22. Ka1 Nd7 23. Qd2 Qa5 24. h5 Ne5 25. Be2 Nc6 26. hxg6 hxg6 27. Nc4 Qa7
28. Nf5 gxf5 29. gxf5 Rxb2 30. Kxb2 Ne5 31. Rdg1 Ng6 32. fxg6 fxg6 33. e5 Bf7
34. e6 Be8 35. Rc1 Qc5 36. Rh4 a3+ 37. Ka1 d5 38. Qe3 Qxe3 39. Nxe3 Bxc3+ 40.
Kb1 d4 41. Rxc3 1-0

[Event "Zenica"]
[Site "Zenica"]
[Date "1989.??.??"]
[Round "9"]
[White "Velimirovic, Dragoljub"]
[Black "Smagin, Sergey"]
[Result "1-0"]
[WhiteElo "2530"]
[BlackElo "2540"]
[PlyCount "81"]
[EventDate "1989.04.??"]
[EventType "tourn"]
[EventRounds "11"]
[EventCountry "YUG"]
[EventCategory "10"]
[Source "ChessBase"]
[SourceDate "1996.11.15"]
[WhiteTeamCountry "USA"]
[BlackTeamCountry "YUG"]

1. e4 e5 2. Nf3 Nc6 3. Bb5 a6 4. Ba4 Nf6 5. O-O Be7 6. Re1 b5 7. Bb3 O-O 8. c3
d6 9. h3 Bb7 10. d4 Re8 11. a4 h6 12. d5 Na5 13. Ba2 c6 14. Na3 cxd5 15. exd5
Qd7 16. b4 Nc4 17. Nxc4 bxc4 18. Bxc4 Rec8 19. Qb3 Rc7 20. Be2 Bxd5 21. c4 Be6
22. Be3 d5 23. Nxe5 Qd6 24. Bf4 Qxb4 25. Qxb4 Bxb4 26. Rec1 Bd6 27. Nd3 Bxf4
28. Nxf4 Rac8 29. c5 Rc6 30. Nd3 Nd7 31. a5 Rb8 32. g4 Rbc8 33. Rcb1 g5 34. Rb6
Nxc5 35. Rxc6 Rxc6 36. Rc1 Nxd3 37. Rxc6 Ne5 38. Rxa6 Kf8 39. Rb6 d4 40. a6 d3
41. Bd1 1-0

[Event "Zenica"]
[Site "Zenica"]
[Date "1989.??.??"]
[Round "10"]
[White "Dizdar, Selim"]
[Black "Velimirovic, Dragoljub"]
[Result "1/2-1/2"]
[WhiteElo "2325"]
[BlackElo "2530"]
[PlyCount "132"]
[EventDate "1989.04.??"]
[EventType "tourn"]
[EventRounds "11"]
[EventCountry "YUG"]
[EventCategory "10"]
[Source "ChessBase"]
[SourceDate "1996.11.15"]
[WhiteTeamCountry "USA"]
[BlackTeamCountry "YUG"]

1. c4 Nf6 2. Nc3 c5 3. Nf3 g6 4. e4 d6 5. d4 Bg7 6. Be2 O-O 7. O-O Na6 8. Be3
Ng4 9. Bg5 h6 10. Bh4 cxd4 11. Nxd4 Nf6 12. Re1 Nc5 13. Bf1 Nh5 14. Nd5 Re8 15.
Be2 Nf6 16. Bxf6 exf6 17. Bf3 f5 18. Nb5 fxe4 19. Nbc7 Re5 20. Nxa8 exf3 21.
Rxe5 Bxe5 22. Qxf3 Ne6 23. Re1 Kg7 24. Rxe5 dxe5 25. Qe3 Qg5 26. Qxg5 hxg5 27.
Nab6 axb6 28. Nxb6 Nc5 29. Nxc8 Kf6 30. Nb6 e4 31. Kf1 Ke5 32. Ke2 Nd3 33. b3
Nf4+ 34. Kf1 Kd4 35. Nc8 Kc5 36. Ne7 Nd3 37. Nd5 Nc1 38. Nc3 f5 39. Ke1 Nd3+
40. Ke2 Nf4+ 41. Kf1 Kb4 42. Nb5 b6 43. g4 fxg4 44. Nd6 Nd3 45. Nxe4 Ka3 46.
Kg2 Kxa2 47. b4 Kb3 48. c5 b5 49. c6 Nf4+ 50. Kg3 Nd5 51. Kxg4 Kxb4 52. Kxg5
Kc4 53. Nd6+ Kc5 54. Nxb5 Kxb5 55. c7 Nxc7 56. Kxg6 Kc6 57. h4 Kd6 58. h5 Ke5
59. h6 Ne6 60. Kf7 Ng5+ 61. Kg6 Ne6 62. f3 Kf4 63. Kf6 Ng5 64. Kg6 Ne6 65. Kf7
Ng5+ 66. Kf6 Nh7+ 1/2-1/2

[Event "Zenica"]
[Site "Zenica"]
[Date "1989.??.??"]
[Round "11"]
[White "Velimirovic, Dragoljub"]
[Black "Cvitan, Ognjen"]
[Result "1/2-1/2"]
[WhiteElo "2530"]
[BlackElo "2525"]
[PlyCount "23"]
[EventDate "1989.04.??"]
[EventType "tourn"]
[EventRounds "11"]
[EventCountry "YUG"]
[EventCategory "10"]
[Source "ChessBase"]
[SourceDate "1996.11.15"]
[WhiteTeamCountry "USA"]
[BlackTeamCountry "YUG"]

1. e4 e5 2. Nf3 Nc6 3. Bb5 a6 4. Ba4 Nf6 5. O-O Be7 6. Bxc6 dxc6 7. d3 Nd7 8.
Nbd2 O-O 9. Nc4 f6 10. Nh4 g6 11. Bh6 Rf7 12. d4 1/2-1/2

[Event "Vrsac"]
[Site "Vrsac"]
[Date "1989.??.??"]
[Round "1"]
[White "Velimirovic, Dragoljub"]
[Black "Kapelan, Milorad"]
[Result "0-1"]
[WhiteElo "2535"]
[BlackElo "2295"]
[PlyCount "79"]
[EventDate "1989.09.??"]
[EventType "tourn"]
[EventRounds "11"]
[EventCountry "YUG"]
[EventCategory "10"]
[Source "ChessBase"]
[SourceDate "1990.04.01"]
[WhiteTeamCountry "USA"]
[BlackTeamCountry "YUG"]

1. e4 e5 2. Nf3 Nf6 3. d4 Nxe4 4. Bd3 d5 5. Nxe5 Nd7 6. O-O Nxe5 7. dxe5 Nc5 8.
Nc3 c6 9. Ne2 Be7 10. Ng3 O-O 11. c3 Nxd3 12. Qxd3 f6 13. exf6 Bxf6 14. Be3 Qc7
15. Rae1 b6 16. Nh5 Qf7 17. Nxf6+ Qxf6 18. Bd4 Qf7 19. Re3 Bf5 20. Qd2 Rae8 21.
Rg3 Bg6 22. b4 Qf4 23. Qd1 Rf7 24. h3 Rfe7 25. a4 Qc7 26. f4 Be4 27. Qg4 Qd7
28. f5 Rf7 29. Qh5 Ref8 30. f6 Bg6 31. Qh4 Qd6 32. Rf2 gxf6 33. Rgf3 f5 34. Be3
Qe7 35. Qg3 Qe4 36. Rf4 Qd3 37. h4 Rg7 38. R2f3 Qb1+ 39. Rf1 Qd3 40. Qf2 0-1

[Event "Vrsac"]
[Site "Vrsac"]
[Date "1989.??.??"]
[Round "2"]
[White "Cabrilo, Goran"]
[Black "Velimirovic, Dragoljub"]
[Result "1-0"]
[WhiteElo "2510"]
[BlackElo "2535"]
[PlyCount "55"]
[EventDate "1989.09.??"]
[EventType "tourn"]
[EventRounds "11"]
[EventCountry "YUG"]
[EventCategory "10"]
[Source "ChessBase"]
[SourceDate "1990.04.01"]
[WhiteTeamCountry "USA"]
[BlackTeamCountry "YUG"]

1. e4 c5 2. Nf3 d6 3. d4 cxd4 4. Nxd4 Nf6 5. Nc3 g6 6. Be2 Bg7 7. O-O O-O 8.
Kh1 Nc6 9. Nb3 Be6 10. f4 Rc8 11. Bf3 b5 12. Nd5 Nd7 13. Qe2 b4 14. Rd1 a5 15.
a4 Kh8 16. Rb1 Nc5 17. Nxc5 dxc5 18. c3 Bd7 19. e5 Bf5 20. Be4 Bxe4 21. Qxe4 e6
22. Ne3 Qc7 23. Nc4 f6 24. exf6 Bxf6 25. Be3 bxc3 26. bxc3 Bxc3 27. Nd6 Rcd8
28. Nb5 1-0

[Event "Vrsac"]
[Site "Vrsac"]
[Date "1989.??.??"]
[Round "3"]
[White "Velimirovic, Dragoljub"]
[Black "Romanishin, Oleg"]
[Result "1-0"]
[WhiteElo "2535"]
[BlackElo "2520"]
[PlyCount "135"]
[EventDate "1989.09.??"]
[EventType "tourn"]
[EventRounds "11"]
[EventCountry "YUG"]
[EventCategory "10"]
[Source "ChessBase"]
[SourceDate "1990.04.01"]
[WhiteTeamCountry "USA"]
[BlackTeamCountry "YUG"]

1. e4 e5 2. Nf3 Nc6 3. Bb5 a6 4. Ba4 Nf6 5. O-O Be7 6. Re1 b5 7. Bb3 d6 8. c3
O-O 9. h3 Na5 10. Bc2 c5 11. d4 Bb7 12. Nbd2 cxd4 13. cxd4 exd4 14. Nxd4 Re8
15. b3 Bf8 16. Bb2 g6 17. Qf3 Bg7 18. Rad1 Rc8 19. Bb1 b4 20. Nf1 d5 21. e5 Ne4
22. Ng3 Rxe5 23. Ndf5 Ng5 24. Qf4 Ne6 25. Nh6+ Bxh6 26. Qxe5 Bg7 27. Qe2 Bc3
28. Bxc3 bxc3 29. Bd3 Nc6 30. Qg4 Kh8 31. f4 Qf6 32. f5 Qd4+ 33. Qxd4+ Nexd4
34. Kf2 Nb4 35. fxg6 hxg6 36. Bxg6 Nb5 37. Bf5 Rd8 38. a4 Nd6 39. Rd4 a5 40.
Rc1 Nxf5 41. Nxf5 c2 42. Ke3 Re8+ 43. Kd2 Ba6 44. Ne3 Re6 45. Re1 Rf6 46. Ng4
Rc6 47. Ne5 Rf6 48. Nf3 Rc6 49. Rh4+ Kg7 50. Rg4+ Kf8 51. Rc1 Re6 52. Nd4 Rf6
53. Ke3 Bd3 54. Rf4 Rg6 55. g4 Rh6 56. Rf3 Be4 57. Rg3 Rb6 58. Kd2 Rf6 59. Nf5
Rb6 60. Rc3 Bxf5 61. gxf5 d4 62. Rc5 d3 63. Rxa5 Na2 64. Ra1 Rc6 65. f6 Ke8 66.
Re5+ Kd8 67. Ree1 Nb4 68. Re4 1-0

[Event "Vrsac"]
[Site "Vrsac"]
[Date "1989.??.??"]
[Round "4"]
[White "Davies, Nigel"]
[Black "Velimirovic, Dragoljub"]
[Result "1/2-1/2"]
[WhiteElo "2470"]
[BlackElo "2535"]
[PlyCount "90"]
[EventDate "1989.09.??"]
[EventType "tourn"]
[EventRounds "11"]
[EventCountry "YUG"]
[EventCategory "10"]
[Source "ChessBase"]
[SourceDate "1990.04.01"]
[WhiteTeamCountry "USA"]
[BlackTeamCountry "YUG"]

1. d4 Nf6 2. Nf3 c5 3. d5 g6 4. Nc3 Bg7 5. e4 O-O 6. Be2 d6 7. O-O e6 8. Nd2
exd5 9. exd5 Na6 10. Nc4 Re8 11. Bg5 Nc7 12. a4 b6 13. Qd2 Ba6 14. Rfe1 Qd7 15.
Bf1 Ng4 16. h3 Bxc4 17. Bxc4 Ne5 18. Bf1 f5 19. Nb5 a6 20. Nxc7 Qxc7 21. c3 c4
22. Be3 b5 23. Bd4 Qf7 24. f4 Nd7 25. Re6 Bxd4+ 26. cxd4 Nf8 27. Rxd6 Red8 28.
Rb6 Qxd5 29. Be2 Rac8 30. Bf3 Qxd4+ 31. Qxd4 Rxd4 32. Rxa6 bxa4 33. R1xa4 Nd7
34. Rc6 Rxc6 35. Bxc6 Nf6 36. Bb5 h5 37. Bxc4+ Kg7 38. b3 h4 39. Be2 Rd2 40.
Bf3 Rb2 41. Ra7+ Kh6 42. Rf7 Nh7 43. Rb7 Nf6 44. Rf7 Nh7 45. Rb7 Nf6 1/2-1/2

[Event "Vrsac"]
[Site "Vrsac"]
[Date "1989.??.??"]
[Round "5"]
[White "Velimirovic, Dragoljub"]
[Black "Miralles, Gilles"]
[Result "1-0"]
[WhiteElo "2535"]
[BlackElo "2445"]
[PlyCount "77"]
[EventDate "1989.09.??"]
[EventType "tourn"]
[EventRounds "11"]
[EventCountry "YUG"]
[EventCategory "10"]
[Source "ChessBase"]
[SourceDate "1990.04.01"]
[WhiteTeamCountry "USA"]
[BlackTeamCountry "YUG"]

1. e4 e5 2. Nf3 Nf6 3. Nxe5 d6 4. Nf3 Nxe4 5. d3 Nf6 6. d4 Be7 7. c4 O-O 8. Nc3
c5 9. d5 Bf5 10. Bd3 Qd7 11. O-O Na6 12. Bxf5 Qxf5 13. Nh4 Qd7 14. Qf3 g6 15.
Bg5 Nh5 16. Bxe7 Qxe7 17. g3 Rfe8 18. Rfe1 Qxe1+ 19. Rxe1 Rxe1+ 20. Kg2 Ng7 21.
Ne4 Ne8 22. Qf4 Nb4 23. Nf3 Nd3 24. Qh4 Re2 25. Kf1 Rxb2 26. Qh6 f6 27. Qe3 Ne5
28. Nxe5 fxe5 29. Qg5 a5 30. Qe7 h6 31. Qe6+ Kg7 32. Nxd6 Rb1+ 33. Kg2 Nxd6 34.
Qxe5+ Kf7 35. Qxd6 Rf8 36. Qxc5 Rb2 37. a4 Kg8 38. Qd4 Re2 39. d6 1-0